BIBLIOTECA PODER JUDICIAL
Portal Judicial TDF

Ambiente, cerebro, IA : (Registro nro. 5423)

000 -LEADER
fixed length control field 01273nab a22002777a 4500
003 - CONTROL NUMBER IDENTIFIER
control field OSt
005 - DATE AND TIME OF LATEST TRANSACTION
control field 20250407095428.0
008 - FIXED-LENGTH DATA ELEMENTS--GENERAL INFORMATION
fixed length control field 190506c xxu||||| |||| 00| 0 spa d
040 ## - CATALOGING SOURCE
Transcribing agency PJ
245 13 - TITLE STATEMENT
Title Ambiente, cerebro, IA :
Remainder of title un trinomio no sustentable. Enfermedades y riesgos del ciber trabajador /
Statement of responsibility, etc Viviana Díaz.
260 ## - PUBLICATION, DISTRIBUTION, ETC. (IMPRINT)
Place of publication, distribution, etc Buenos Aires :
Name of publisher, distributor, etc AbeledoPerrot,
Date of publication, distribution, etc 2025.
300 ## - PHYSICAL DESCRIPTION
Extent p. 3-8
500 ## - GENERAL NOTE
General note TR LALEY AR/DOC/81/2025.
505 ## - FORMATTED CONTENTS NOTE
Formatted contents note Sumario: I. Introducción.— II. ¿Cuál es la relación entre la contaminación aérea y las enfermedades neurodegenerativas?— III. ¿La tecnología es adictiva? ¿La inteligencia artificial contamina? Luces y sombras.— IV. Riesgos del cyberworker.
505 ## - FORMATTED CONTENTS NOTE
Title ¿Te interesa el texto completo? Comunicate al correo: koha@justierradelfuego.gov.ar
650 #0 - SUBJECT ADDED ENTRY--TOPICAL TERM
9 (RLIN) 1316
Topical term or geographic name as entry element DERECHO LABORAL
650 #0 - SUBJECT ADDED ENTRY--TOPICAL TERM
9 (RLIN) 289
Topical term or geographic name as entry element TECNOLOGIA DE LA INFORMACION
650 #0 - SUBJECT ADDED ENTRY--TOPICAL TERM
9 (RLIN) 6081
Topical term or geographic name as entry element CIENCIA Y TECNOLOGÍA
650 #0 - SUBJECT ADDED ENTRY--TOPICAL TERM
9 (RLIN) 5233
Topical term or geographic name as entry element PANDEMIA
650 #0 - SUBJECT ADDED ENTRY--TOPICAL TERM
9 (RLIN) 5817
Topical term or geographic name as entry element INTELIGENCIA ARTIFICIAL
650 #0 - SUBJECT ADDED ENTRY--TOPICAL TERM
9 (RLIN) 273
Topical term or geographic name as entry element DERECHO INFORMATICO
650 #0 - SUBJECT ADDED ENTRY--TOPICAL TERM
9 (RLIN) 281
Topical term or geographic name as entry element INTERNET
650 #0 - SUBJECT ADDED ENTRY--TOPICAL TERM
9 (RLIN) 1323
Topical term or geographic name as entry element CONTRATO DE TRABAJO
773 0# - HOST ITEM ENTRY
Host Biblionumber 2751
Host Itemnumber 3202
Place, publisher, and date of publication Buenos Aires : AbeledoPerrot, 2013-
Title Revista de derecho laboral y seguridad social. Nº 3 - Febrero 2025
942 ## - ADDED ENTRY ELEMENTS (KOHA)
Source of classification or shelving scheme
Koha item type Analítica Artículo de Revista

No hay ítems disponibles.

12 de Octubre 789 Ushuaia - Tel:  54(02901)441571
Horario de Atención: 8.00 a 17.00 hs. 
bibliotecaush@justierradelfuego.gov.ar
koha@justierradelfuego.gov.ar
Seguinos en nuestras redes @bibliojustdf 

Con tecnología Koha